000 00726nam a2200229Ia 4500
003 GCL
008 140319s9999 xx 000 0 ara d
040 _aGCL /
_cGCL
082 0 4 _a530
_bم ف
100 1 _aمحمد عبدالمقصود الجمال
245 1 0 _aالتدريبات المعملية والمختبر /
_cمحمد عبدالمقصود الجمال
260 _a[S.N] :
_bدار الراتب الجامعية ،
_c1988
300 _a274 ص
490 _aالفيزياء التطبيقية
_v0
650 0 4 _aالحرارة
650 0 4 _aالفيزياء
650 0 4 _aالفيزياء التطبيقية
650 0 4 _aالمواد
650 0 4 _aتجارب
650 0 4 _aخواص
942 _2ddc
_cBK
999 _c30403
_d30403